00902nam a2200181 a 450000100100000000500170001000800410002704000250006808200150009310000420010824500970015026000760024730000200032304900090034395201710035295201800052399900170070300003288520240305122052.0110801s1951 dr 000 0 spa d aDO-SdBNPbspacBNPHU axxxbH565p1 aHerrera, César A.,d1910-19889833313aLa poesía de Salomé Ureña en su función social y patriótica /cCésar A. Herrera. aCiudad Trujillo, República Dominicana :bImpresora Dominicana,c1951. a27 p. ;c23 cm. aBNPD 001050718RVaPDbPDcCTd2011-08-01iLF1l0oxxx H565pp32885-10r2020-06-25w2020-06-25y1zPerteneció a la biblioteca personal de Martínez BoogZNo se presta 001050718RVaPDbPDcCTd2011-08-08iLF1l0oxxx H565pp32885-20r2020-06-25te. 2w2020-06-25y1zPerteneció a la biblioteca personal de Julio Ortega FrierZNo se presta c32376d32376